Statistics for Black Sabbath Songs

Click here to take the quiz!

General Stats

  • This quiz has been taken 507 times
  • The average score is 39 of 168

Answer Stats

Answer% Correct
Paranoid
96%
I
94%
Black Sabbath
92%
Iron Man
91%
Warning
88%
War Pigs
86%
Sabbath Bloody Sabbath
82%
N.I.B.
77%
Children of the Grave
76%
Heaven and Hell
73%
Sweet Leaf
73%
Fairies Wear Boots
67%
The Wizard
63%
Snowblind
62%
Planet Caravan
60%
Into the Void
58%
Electric Funeral
57%
Never Say Die!
57%
Rat Salad
53%
Changes
52%
Supernaut
49%
Hand of Doom
48%
Behind the Wall of Sleep
47%
God is Dead?
47%
Embryo
46%
Evil Woman
45%
After Forever
43%
Neon Knights
43%
Lord of This World
42%
Wheels of Confusion/The Straightner
41%
Born Again
40%
A National Acrobat
39%
Sabbra Cadabra
39%
Cornucopia
38%
FX
38%
Hole in the Sky
38%
Solitude
38%
Wicked World
38%
Children of the Sea
37%
Orchid
37%
Sleeping Village
36%
The Mob Rules
36%
Headless Cross
34%
Killing Yourself to Live
34%
Megalomania
34%
Seventh Star
34%
Dirty Women
33%
Fluff
33%
Tomorrow's Dream
32%
Spiral Architect
31%
Die Young
29%
St. Vitus Dance
29%
The Writ
29%
Forbidden
27%
Laguna Sunrise
27%
Am I Going Insane (Radio)
25%
Who are You?
24%
Zero the Hero
24%
The Sign of the Southern Cross
22%
Don't Start (Too Late)
21%
Lady Evil
21%
Looking for Today
21%
Johnny Blade
20%
Rock 'n' Roll Doctor
20%
End of the Beginning
19%
Loner
19%
Back Street Kids
18%
Country Girl
18%
Eternal Idol
18%
It's Alright
18%
Supertzar
18%
Computer God
17%
Voodoo
17%
Falling Off the Edge of the World
16%
Junior's Eyes
16%
Lonely Is the Word
16%
The Thrill of it All
16%
Trashed
16%
TV Crimes
16%
Gypsy
15%
Wishing Well
15%
Zeitgeist
15%
Disturbing the Priest
14%
E5150
14%
She's Gone
14%
The Shining
14%
Air Dance
13%
Digital Bitch
13%
You Won't Change Me
13%
Swinging the Chain
12%
Turn Up the Night
12%
After All (the Dead)
11%
In for the Kill
11%
Stonehenge
11%
Sympton of the Universe
11%
All Moving Parts (Stand Still)
10%
Anno Mundi
10%
Devil and Daughter
10%
Master of Insanity
10%
Over and Over
10%
The Dark
10%
The Sabbath Stones
10%
Time Machine
10%
Time Machine [Wayne's World Version]
10%
Under the Sun/Every Day Comes and Goes
10%
Valhalla
10%
Walk Away
10%
Buried Alive
9%
Cross of Thorns
9%
Feels Good to Me
9%
I Witness
9%
Nightwing
9%
The Illusion of Power
9%
Too Late
9%
When Death Calls
9%
Age of Reason
8%
Ancient Warrior
8%
Breakout
8%
Dear Father
8%
Heaven in Black
8%
Jerusalem
8%
Kill in the Spirit World
8%
Odin's Court
8%
Sins of the Father
8%
Sphinx (The Guardian)
8%
The Battle of Tyr
8%
The Gates of Hell
8%
Call of the Wild
7%
Damaged Soul
7%
Hot Line
7%
Keep it Warm
7%
Law Maker
7%
Letters from the Earth
7%
No Stranger to Love
7%
Over to You
7%
Scarlet Pimpernel
7%
Shock Wave
7%
Slipping Away
7%
The Hand That Rocks the Cradle
7%
Black Moon
6%
Danger Zone
6%
Dying for Love
6%
Glory Ride
6%
Guilty as Hell
6%
Hard Life to Love
6%
Heart Like a Wheel
6%
In Memory...
6%
Live Forever
6%
Virtual Death
6%
Angry Heart
5%
Evil Eye
5%
Get a Grip
5%
Lost Forever
5%
Nightmare
5%
Psychophobia
5%
Rusty Angels
5%
Turn to Stone
5%
Born to Lose
4%
Cardinal Sin
4%
Shaking Off the Chains
4%
Back to Eden
3%
Can't Get Close Enough
3%
Cloak & Dagger
3%
Immaculate Deception
3%
I Won't Cry for You
3%
Kiss of Death
3%
Sick and Tired
3%
A Hard Rock
2%

Score Distribution

Percentile by Number Answered

Percent of People with Each Score

Your Score History

You have not taken this quiz